[Event "FICGS class E 000245 email"]
[Site "FICGS email"]
[Date "2023.05.20"]
[Round "1"]
[White "Joubert, Hennie"]
[Black "Martinez, Silvio"]
[Result "1-0"]
[WhiteElo "1504"]
[BlackElo "1221"]
[PlyCount "39"]
[EventDate "2023.??.??"]
[EventType "tourn (corr)"]
[EventRounds "5"]
[SourceTitle "Corr 2024"]
[Source "ChessBase"]
[SourceDate "2023.10.19"]
[SourceVersion "1"]
[SourceVersionDate "2023.10.19"]
[SourceQuality "1"]

1. e4 e5 2. Bc4 Nf6 3. d4 d5 4. exd5 Nxd5 5. dxe5 c6 6. Nf3 Nd7 7. Bxd5 cxd5 8. Qxd5 Qe7 9. 0-0 Nb6 10. Qd4 g6 11. Bg5 Qd7 12. e6 fxe6 13. Qxh8 Qb5 14. Nbd2 Qe2 15. Rae1 Qb5 16. Bh6 Nd7 17. Rxe6+ Kd8 18. Bxf8 Nxf8 19. Qxf8+ Kc7 20. Qd6# 1-0

[Event "FICGS rapid E 000249 email"]
[Site "FICGS email"]
[Date "2023.04.16"]
[Round "1"]
[White "Martinez, Silvio"]
[Black "Goletto, Piero Giuseppe"]
[Result "1-0"]
[WhiteElo "1184"]
[BlackElo "1416"]
[PlyCount "41"]
[EventDate "2023.??.??"]
[EventType "tourn (rapid)"]
[EventRounds "6"]
[SourceTitle "Corr 2024"]
[Source "ChessBase"]
[SourceDate "2023.10.19"]
[SourceVersion "1"]
[SourceVersionDate "2023.10.19"]
[SourceQuality "1"]

1. e4 e5 2. Nf3 Nc6 3. b3 d5 4. Nc3 Bg4 5. Be2 Nf6 6. h3 Bh5 7. g4 Bb4 8. Bb2 dxe4 9. Ng5 h6 10. Ngxe4 Nxe4 11. Nxe4 0-0 12. gxh5 g6 13. hxg6 fxg6 14. a3 Ba5 15. b4 Bb6 16. d3 Qe8 17. Rg1 Bxf2+ 18. Nxf2 Rd8 19. Qd2 e4 20. Qc1 exd3 21. cxd3 1-0

[Event "FICGS theme 0255 email"]
[Site "FICGS email"]
[Date "2023.03.08"]
[Round "1"]
[White "Martinez, Silvio"]
[Black "Jerez, Miriam"]
[Result "1-0"]
[WhiteElo "1184"]
[BlackElo "1142"]
[PlyCount "91"]
[EventDate "2023.??.??"]
[EventType "swiss (corr)"]
[EventRounds "1"]
[SourceTitle "Corr 2024"]
[Source "ChessBase"]
[SourceDate "2023.10.19"]
[SourceVersion "1"]
[SourceVersionDate "2023.10.19"]
[SourceQuality "1"]

1. d4 f5 2. Qd3 d5 3. g4 fxg4 4. Nc3 e6 5. f3 gxf3 6. Nxf3 Nc6 7. Bd2 Nf6 8. 0-0-0 b6 9. Rg1 a5 10. Ne5 Nxe5 11. Qe3 Nc4 12. Qf2 e5 13. b3 Ba3+ 14. Kb1 e4 15. Nb5 e3 16. Bxe3 Bd7 17. Rxg7 Rg8 18. Rxg8+ Nxg8 19. Bf4 Bxb5 20. bxc4 Bxc4 21. e3 Nf6 22. Bg5 Be7 23. h4 Qd6 24. Kb2 Ng4 25. Qf3 Qb4+ 26. Kc1 Qa3+ 27. Kd2 Rd8 28. Qxg4 Bxg5 29. Qh5+ Ke7 30. Qxg5+ Kd7 31. Bh3+ Ke8 32. Qe5+ Qe7 33. Qh5+ Qf7 34. Qe5+ Kf8 35. Rf1 Bxf1 36. Qh8+ Qg8 37. Qf6+ Ke8 38. Qxf1 c5 39. Qb5+ Ke7 40. Qxb6 Rb8 41. Qxc5+ Kf6 42. Qd6+ Kg7 43. Be6 Qe8 44. Qxd5 Qa4 45. Qg5+ Kh8 46. Qe5# 1-0

[Event "FICGS theme 0255 email"]
[Site "FICGS email"]
[Date "2023.03.08"]
[Round "1"]
[White "Pech, Matej"]
[Black "Martinez, Silvio"]
[Result "1-0"]
[WhiteElo "1989"]
[BlackElo "1184"]
[PlyCount "21"]
[EventDate "2023.??.??"]
[EventType "swiss (corr)"]
[EventRounds "1"]
[SourceTitle "Corr 2024"]
[Source "ChessBase"]
[SourceDate "2023.10.19"]
[SourceVersion "1"]
[SourceVersionDate "2023.10.19"]
[SourceQuality "1"]

1. d4 f5 2. Qd3 d5 3. g4 fxg4 4. h3 gxh3 5. Nc3 Nf6 6. Nxh3 Nc6 7. Ng5 h6 8. Qg6+ Kd7 9. Bh3+ e6 10. Bxe6+ Kd6 11. Nb5+ 1-0

[Event "FICGS unrated 00065 email"]
[Site "FICGS email"]
[Date "2023.02.26"]
[Round "1"]
[White "Martinez, Silvio"]
[Black "Jerez, Miriam"]
[Result "1-0"]
[WhiteElo "1174"]
[BlackElo "1008"]
[PlyCount "51"]
[EventDate "2023.??.??"]
[EventType "swiss (corr)"]
[EventRounds "1"]
[SourceTitle "Corr 2024"]
[Source "ChessBase"]
[SourceDate "2023.10.19"]
[SourceVersion "1"]
[SourceVersionDate "2023.10.19"]
[SourceQuality "1"]

1. e4 e5 2. Nf3 Nc6 3. Nc3 Nf6 4. d4 exd4 5. Nxd4 Nxd4 6. Qxd4 c6 7. Bd3 b6 8. Bf4 c5 9. Qe3 Be7 10. 0-0 d6 11. a3 Bb7 12. e5 dxe5 13. Bxe5 0-0 14. Rfd1 Ng4 15. Qg3 Bc8 16. Bxh7+ Kxh7 17. Rxd8 Rxd8 18. Rd1 Rxd1+ 19. Nxd1 f6 20. Bc3 Bd7 21. Qh4+ Nh6 22. Qe4+ Bf5 23. Qxa8 a5 24. Ne3 Be4 25. Qxe4+ Kg8 26. Qxe7 1-0

[Event "FICGS no engines 126 email"]
[Site "FICGS email"]
[Date "2023.02.19"]
[Round "1"]
[White "Martinez, Silvio"]
[Black "Jerez, Miriam"]
[Result "1-0"]
[WhiteElo "1174"]
[BlackElo "1008"]
[PlyCount "71"]
[EventDate "2023.??.??"]
[EventType "swiss (corr)"]
[EventRounds "1"]
[SourceTitle "Corr 2024"]
[Source "ChessBase"]
[SourceDate "2023.10.19"]
[SourceVersion "1"]
[SourceVersionDate "2023.10.19"]
[SourceQuality "1"]

1. e4 e5 2. Nf3 Nc6 3. Bb5 Nf6 4. Nc3 Bb4 5. 0-0 0-0 6. Re1 d5 7. a3 Bc5 8. Bxc6 bxc6 9. exd5 cxd5 10. Nxe5 Bb7 11. d4 Bb6 12. h3 Re8 13. b4 h6 14. a4 c6 15. a5 Bc7 16. Bf4 Ba6 17. Nxc6 Qd7 18. Rxe8+ Qxe8 19. Ne5 Bb5 20. Nxb5 Qxb5 21. c3 Ne4 22. Nxf7 Bxf4 23. Ne5 Bxe5 24. dxe5 Rf8 25. f3 Nxc3 26. Qb3 Kh8 27. Rc1 g5 28. Qxc3 Rf4 29. e6+ Kg8 30. Qc8+ Kg7 31. Rc7+ Kg6 32. Qg8+ Kh5 33. Qf7+ Rxf7 34. Rxf7 Qxb4 35. e7 Qb8 36. Rf8 1-0

[Event "FICGS rapid E 000248 email"]
[Site "FICGS email"]
[Date "2022.12.23"]
[Round "1"]
[White "Martinez, Silvio"]
[Black "Goldmund, Heike"]
[Result "0-1"]
[WhiteElo "1063"]
[BlackElo "1419"]
[PlyCount "48"]
[EventDate "2022.??.??"]
[EventType "tourn (rapid)"]
[EventRounds "6"]
[SourceTitle "Corr 2024"]
[Source "ChessBase"]
[SourceDate "2023.10.19"]
[SourceVersion "1"]
[SourceVersionDate "2023.10.19"]
[SourceQuality "1"]

1. e4 d5 2. c3 dxe4 3. g3 Nf6 4. d3 exd3 5. Qxd3 Qxd3 6. Bxd3 Bg4 7. Nd2 e6 8. h3 Bh5 9. g4 Bg6 10. Bxg6 hxg6 11. Nc4 Bc5 12. Nf3 Ne4 13. Be3 Bxe3 14. fxe3 Nd7 15. Nd4 Ndc5 16. 0-0-0 Nf2 17. Nb5 Nxh1 18. Rxh1 0-0-0 19. Ne5 Nd3+ 20. Nxd3 Rxd3 21. Re1 Rxh3 22. Nxa7+ Kb8 23. Nb5 Rdxe3 24. Rd1 Rd3 0-1

[Event "FICGS no engines 124 email"]
[Site "FICGS email"]
[Date "2022.11.13"]
[Round "1"]
[White "Brand Lyard, Paul"]
[Black "Martinez, Silvio"]
[Result "0-1"]
[WhiteElo "1400"]
[BlackElo "1063"]
[PlyCount "68"]
[EventDate "2022.??.??"]
[EventType "swiss (corr)"]
[EventRounds "1"]
[SourceTitle "Corr 2024"]
[Source "ChessBase"]
[SourceDate "2023.10.19"]
[SourceVersion "1"]
[SourceVersionDate "2023.10.19"]
[SourceQuality "1"]

1. d4 d5 2. Nc3 Nf6 3. Bg5 h6 4. Bxf6 exf6 5. e3 Nc6 6. Bb5 Bd7 7. Bxc6 Bxc6 8. Nf3 Bb4 9. 0-0 0-0 10. Ne2 Re8 11. c3 Ba5 12. b4 Bb6 13. a4 a5 14. b5 Bd7 15. Qb3 Be6 16. Nf4 Rb8 17. Nh4 g5 18. Nxe6 Rxe6 19. Qc2 gxh4 20. Qf5 Qd7 21. f4 Rd8 22. Qh5 Rxe3 23. Qxh6 Rxc3 24. Qxf6 Qg4 25. Qxd8+ Kg7 26. Qxd5 c6 27. Qe5+ Kg6 28. Qd6+ Kh7 29. Rae1 Rd3 30. Re7 Bxd4+ 31. Kh1 Rd1 32. Ree1 Rxe1 33. h3 Rxf1+ 34. Kh2 Qg3# 0-1

[Event "FICGS no engines 124 email"]
[Site "FICGS email"]
[Date "2022.11.13"]
[Round "1"]
[White "Martinez, Silvio"]
[Black "Kruse, Herbert"]
[Result "0-1"]
[WhiteElo "1063"]
[BlackElo "2490"]
[PlyCount "68"]
[EventDate "2022.??.??"]
[EventType "swiss (corr)"]
[EventRounds "1"]
[SourceTitle "Corr 2024"]
[Source "ChessBase"]
[SourceDate "2023.10.19"]
[SourceVersion "1"]
[SourceVersionDate "2023.10.19"]
[SourceQuality "1"]

1. e4 c5 2. Nf3 d6 3. d4 cxd4 4. Nxd4 Nf6 5. Nd2 Nc6 6. Nxc6 bxc6 7. g3 Qa5 8. Bd3 Bh3 9. b3 Bg2 10. Rg1 Bxe4 11. Kf1 Bxd3+ 12. cxd3 g6 13. Nc4 Qd5 14. f3 Bg7 15. Bb2 0-0 16. d4 Rfe8 17. Ne3 Qg5 18. Bc1 Nd5 19. f4 Nxe3+ 20. Bxe3 Qb5+ 21. Qe2 Qxe2+ 22. Kxe2 c5 23. dxc5 Bxa1 24. Rxa1 dxc5 25. Bxc5 Rec8 26. Bd4 Rc2+ 27. Kd3 Rxh2 28. Re1 e6 29. a4 Rg2 30. Re3 a6 31. Bc3 Rd8+ 32. Ke4 Rf2 33. Ba5 Rd5 34. Bc3 f5# 0-1

[Event "FICGS class F 000234 email"]
[Site "FICGS email"]
[Date "2022.10.16"]
[Round "1"]
[White "Martinez, Silvio"]
[Black "Marcel, Alexis"]
[Result "1/2-1/2"]
[WhiteElo "1063"]
[BlackElo "1360"]
[PlyCount "78"]
[EventDate "2022.??.??"]
[EventType "tourn (corr)"]
[EventRounds "5"]
[SourceTitle "Corr 2024"]
[Source "ChessBase"]
[SourceDate "2023.10.19"]
[SourceVersion "1"]
[SourceVersionDate "2023.10.19"]
[SourceQuality "1"]

1. e4 g6 2. Nf3 Bg7 3. Nc3 c5 4. d3 Nc6 5. g3 d6 6. Bg2 Bg4 7. 0-0 Nf6 8. Re1 0-0 9. h3 Bd7 10. Bf4 a6 11. e5 dxe5 12. Nxe5 Nxe5 13. Bxe5 Qb6 14. Bxf6 Bxf6 15. Rb1 Bc6 16. Bxc6 Qxc6 17. Ne4 Rfe8 18. Nxf6+ Qxf6 19. Re3 b5 20. c4 b4 21. Qf3 Qxf3 22. Rxf3 Kg7 23. Re1 f6 24. Kg2 Rad8 25. h4 Kf7 26. Rd1 e5 27. Re3 Rd4 28. Kh3 a5 29. b3 Red8 30. Kg2 h6 31. f3 h5 32. Rd2 R8d6 33. Kf2 Ke6 34. Ke2 Kf5 35. Kf2 g5 36. hxg5 fxg5 37. Kg2 h4 38. g4+ Kf6 39. Kh3 Ke6 1/2-1/2

[Event "FICGS class F 000175 email"]
[Site "FICGS email"]
[Date "2016.03.19"]
[Round "1"]
[White "Martinez Camacho, Victor Hugo"]
[Black "Martinez, Silvio"]
[Result "1-0"]
[WhiteElo "1183"]
[BlackElo "1088"]
[PlyCount "41"]
[EventDate "2016.??.??"]
[EventType "tourn (corr)"]
[EventRounds "5"]
[SourceTitle "Corr 2022"]
[Source "ChessBase"]
[SourceDate "2021.10.24"]
[SourceVersion "1"]
[SourceVersionDate "2021.10.24"]
[SourceQuality "1"]

1. e4 e5 2. Nf3 Nc6 3. Bb5 Nf6 4. d3 Bc5 5. 0-0 0-0 6. Nc3 a6 7. Bxc6 dxc6 8. Bd2 b5 9. Ne2 h6 10. Nxe5 Bb7 11. Qc1 Re8 12. Nf3 Bb6 13. Ng3 c5 14. Bxh6 gxh6 15. Qxh6 Ng4 16. Qh5 Bc8 17. Ng5 Ne5 18. Qh7+ Kf8 19. Nf5 Qxg5 20. Qh8+ Qg8 21. Qh6+ 1-0

[Event "FICGS class F 000174 email"]
[Site "FICGS email"]
[Date "2016.02.17"]
[Round "1"]
[White "Bromo, Alexis"]
[Black "Martinez, Silvio"]
[Result "1-0"]
[WhiteElo "1095"]
[BlackElo "1088"]
[PlyCount "73"]
[EventDate "2016.??.??"]
[EventType "tourn (corr)"]
[EventRounds "5"]
[SourceTitle "Corr 2022"]
[Source "ChessBase"]
[SourceDate "2021.10.24"]
[SourceVersion "1"]
[SourceVersionDate "2021.10.24"]
[SourceQuality "1"]

1. d4 d5 2. c4 dxc4 3. Nc3 Nf6 4. e3 e6 5. Bxc4 Nc6 6. Nf3 a6 7. a3 Bd6 8. 0-0 0-0 9. h3 b5 10. Ba2 Bb7 11. Re1 h6 12. b4 Ne7 13. Bb2 c6 14. e4 e5 15. d5 cxd5 16. exd5 Nexd5 17. Nxd5 Nxd5 18. Bxd5 Bxd5 19. Qxd5 Kh8 20. Nxe5 Bxe5 21. Qxd8 Raxd8 22. Bxe5 f6 23. Bf4 g5 24. Bc7 Rd7 25. Bb6 Kg7 26. Re6 Kg6 27. Bc5 Rff7 28. Rxa6 Kf5 29. g4+ Kg6 30. Rb6 Rd3 31. Kg2 Rfd7 32. a4 bxa4 33. Rxa4 h5 34. gxh5+ Kxh5 35. Rxf6 Rg7 36. Bf8 Rg8 37. Rh6# 1-0

[Event "FICGS class F 000174 email"]
[Site "FICGS email"]
[Date "2016.02.17"]
[Round "1"]
[White "Davis, Mark"]
[Black "Martinez, Silvio"]
[Result "1-0"]
[WhiteElo "1053"]
[BlackElo "1088"]
[PlyCount "59"]
[EventDate "2016.??.??"]
[EventType "tourn (corr)"]
[EventRounds "5"]
[SourceTitle "Corr 2022"]
[Source "ChessBase"]
[SourceDate "2021.10.24"]
[SourceVersion "1"]
[SourceVersionDate "2021.10.24"]
[SourceQuality "1"]

1. e4 e5 2. Nf3 Nc6 3. Nc3 Nf6 4. Bc4 Bc5 5. 0-0 Nd4 6. Nxe5 d5 7. Bb3 Nxb3 8. axb3 0-0 9. d3 d4 10. Ne2 Re8 11. Nc4 b5 12. Nd2 h6 13. Nf3 a5 14. Ng3 Bg4 15. h3 Bh5 16. Nxh5 Nxh5 17. Nh2 c6 18. Ng4 a4 19. bxa4 bxa4 20. Nxh6+ gxh6 21. Qxh5 Re6 22. Qxc5 Ra5 23. Qb4 c5 24. Qe1 Qd6 25. Qxa5 Rg6 26. Qxa4 Kg7 27. f4 h5 28. f5 Rg3 29. Bf4 Rxg2+ 30. Kxg2 1-0

[Event "FICGS class F 000174 email"]
[Site "FICGS email"]
[Date "2016.02.17"]
[Round "1"]
[White "Hilbert, Stephan"]
[Black "Martinez, Silvio"]
[Result "1-0"]
[WhiteElo "1303"]
[BlackElo "1088"]
[PlyCount "75"]
[EventDate "2016.??.??"]
[EventType "tourn (corr)"]
[EventRounds "5"]
[SourceTitle "Corr 2022"]
[Source "ChessBase"]
[SourceDate "2021.10.24"]
[SourceVersion "1"]
[SourceVersionDate "2021.10.24"]
[SourceQuality "1"]

1. Nh3 e5 2. g3 Nc6 3. Bg2 Nf6 4. f4 exf4 5. Nxf4 d5 6. 0-0 Bc5+ 7. e3 0-0 8. Nc3 Bf5 9. Nfxd5 Rb8 10. d4 Bd6 11. e4 Nxd5 12. Nxd5 Bg6 13. e5 Be7 14. Nxe7+ Nxe7 15. c3 a5 16. Bg5 Qd7 17. Qb3 Kh8 18. Rf2 b5 19. Raf1 Nf5 20. Bh3 a4 21. Qb4 c6 22. Bxf5 Bxf5 23. Rxf5 g6 24. Bf6+ Kg8 25. R5f4 h6 26. Be7 Rfe8 27. Rxf7 Qd5 28. Qd6 Qxd6 29. exd6 Rb7 30. Rf8+ Rxf8 31. Rxf8+ Kg7 32. Rc8 Kf7 33. Rc7 Rb8 34. Rxc6 Ke6 35. Rc5 Kd7 36. Rc7+ Ke6 37. d5+ Kxd5 38. d7 1-0

[Event "FICGS rapid E 000134 email"]
[Site "FICGS email"]
[Date "2014.08.09"]
[Round "1"]
[White "Martinez, Silvio"]
[Black "Cavaille, Cedric"]
[Result "0-1"]
[WhiteElo "1178"]
[BlackElo "1060"]
[PlyCount "62"]
[EventDate "2014.??.??"]
[EventType "tourn (rapid)"]
[EventRounds "6"]
[SourceTitle "Corr 2022"]
[Source "ChessBase"]
[SourceDate "2021.10.24"]
[SourceVersion "1"]
[SourceVersionDate "2021.10.24"]
[SourceQuality "1"]

1. e4 e5 2. Nf3 d6 3. Nc3 Bg4 4. Be2 Nf6 5. d3 Bxf3 6. Bxf3 Be7 7. 0-0 0-0 8. Nd5 Nxd5 9. exd5 Qd7 10. Re1 c6 11. c4 cxd5 12. cxd5 b5 13. b4 a6 14. Bg4 Qc7 15. Qd2 h6 16. Bb2 Nd7 17. d4 f6 18. dxe5 dxe5 19. Rac1 Qd6 20. a3 Rac8 21. h3 Rxc1 22. Rxc1 Nb6 23. Rc6 Nc4 24. Be6+ Qxe6 25. Rxe6 Nxd2 26. d6 Bd8 27. Bc1 Nc4 28. f3 Rf7 29. g4 Rd7 30. Kf2 Rxd6 31. Rxd6 Nxd6 0-1

[Event "FICGS class F 000146 email"]
[Site "FICGS email"]
[Date "2014.04.19"]
[Round "1"]
[White "Martinez, Silvio"]
[Black "Rajput, Vishalsingh"]
[Result "1-0"]
[WhiteElo "1109"]
[BlackElo "1031"]
[PlyCount "69"]
[EventDate "2014.??.??"]
[EventType "tourn (corr)"]
[EventRounds "5"]
[SourceTitle "Corr 2022"]
[Source "ChessBase"]
[SourceDate "2021.10.24"]
[SourceVersion "1"]
[SourceVersionDate "2021.10.24"]
[SourceQuality "1"]

1. e4 e5 2. Nf3 Nc6 3. Bb5 Nge7 4. 0-0 g6 5. h3 Bg7 6. d4 0-0 7. d5 Nb8 8. Nc3 a6 9. Ba4 d6 10. b4 b5 11. Bb3 Nd7 12. Be3 Bb7 13. Ne2 c6 14. dxc6 Bxc6 15. Rc1 Nb6 16. Bxb6 Qxb6 17. Kh1 Bd7 18. a3 Bh6 19. Rb1 Rac8 20. Rc1 Bxc1 21. Qxc1 Kg7 22. c4 Rc7 23. Qb2 bxc4 24. Ba2 Rfc8 25. Rc1 Qxf2 26. Rc2 Qf1+ 27. Neg1 Ba4 28. Rd2 c3 29. Qb1 Qxb1 30. Bxb1 cxd2 31. Nxd2 Rc1 32. Kh2 Bc2 33. Bxc2 R8xc2 34. Ndf3 Nc6 35. Kg3 1-0

[Event "FICGS class F 000136 email"]
[Site "FICGS email"]
[Date "2013.09.30"]
[Round "1"]
[White "Barradas, Anderson"]
[Black "Martinez, Silvio"]
[Result "1-0"]
[WhiteElo "1174"]
[BlackElo "1051"]
[PlyCount "37"]
[EventDate "2013.??.??"]
[EventType "tourn (corr)"]
[EventRounds "5"]
[SourceTitle "Corr 2022"]
[Source "ChessBase"]
[SourceDate "2021.10.24"]
[SourceVersion "1"]
[SourceVersionDate "2021.10.24"]
[SourceQuality "1"]

1. e4 Nc6 2. d4 d5 3. e5 Nh6 4. h3 Rg8 5. Nf3 f6 6. Bb5 Bd7 7. Nc3 fxe5 8. Bxc6 Bxc6 9. Nxe5 g5 10. Qh5+ Rg6 11. Nxg6 hxg6 12. Qxg6+ Kd7 13. Bxg5 Qe8 14. Qd3 Bg7 15. 0-0 Qh5 16. Bxh6 Qxh6 17. Qf5+ Kd6 18. Rae1 Bd7 19. Qxd5# 1-0